Представление документа в формате RUSMARC

ПолеНазваниеЗначение
  Тип записи a
  Библиографический уровень m
001 Контрольный номер 9a49780d865946c08de1e86d641e4c28
005 Дата корректировки 20140616144619.1
010 Индекс ISBN __
a ISBN 5-241-00193-Х
200 Заглавие и сведения об ответственности 1_
a Заглавие Информационные системы в бухгалтерском учете
e Сведения, относящиеся к заглавию Учеб. пособие
f Первые сведения об ответственности Патрушина Светлана Михайловна
210 Выходные данные 1_
c Издательство МарТ
a Место издания Ростов н/Д
d Дата издания 2003
215 Физическое описание __
a Объем 365 с.
225 Серия 2_
a Серия Информационные системы
610 Ключевые слова 0_
a Ключевые слова информатизация
610 Ключевые слова 0_
a Ключевые слова информационное обеспечение
610 Ключевые слова 0_
a Ключевые слова информационные поисковые системы
610 Ключевые слова 0_
a Ключевые слова информационные системы
610 Ключевые слова 0_
a Ключевые слова информационные технологии
610 Ключевые слова 0_
a Ключевые слова бухгалтерская информация
610 Ключевые слова 0_
a Ключевые слова бухгалтерский учет
610 Ключевые слова 0_
a Ключевые слова экономическая информатика
610 Ключевые слова 0_
a Ключевые слова экономическая информация
610 Ключевые слова 0_
a Ключевые слова информационное обеспечение
610 Ключевые слова 0_
a Ключевые слова программное обеспечение
686 Индексы других классификаций __
a Классификационный индекс 65.052.9(2)214я73
2 Код системы rubbk
686 Индексы других классификаций __
a Классификационный индекс 32.973.2я73
2 Код системы rubbk
700 Автор _1
a Фамилия Патрушина Светлана Михайловна
801 Источник записи _0
a Страна RU
b Организация РУК
c Дата составления 20030626
g Правила каталогизации PSBO
801 Источник записи _1
a Страна RU
b Организация РУК
c Дата составления 20030626
g Правила каталогизации PSBO
852 Данные о местонахождении __
i Авторский знак П20
j Шифр хранения ББК 65.052
901 Тип документа __
t Тип документа m
938 Служебная информация __
a Название организации Головной вуз
b Имя БД BOOK
c Название АИБС АИБС ИРБИС